LDR 01125naa#a2200205#i#450# 001 RU\\bibl\126832 005 20260701050516.3 011 ## _a2782-4926 100 ## _a20260630b2026####ek#y0rusy0150####ca 102 ## _aRU 200 1# _aКУЛЬТУРНАЯ И ОБЩЕСТВЕННО-ПОЛИТИЧЕСКАЯ ЖИЗНЬ ГОРОДА КРАСНОЯРСКА В ЯНВАРЕ-ФЕВРАЛЕ 1943 ГОДА (ПО МАТЕРИАЛАМ ГАЗЕТЫ «КРАСНОЯРСКИЙ РАБОЧИЙ») _eЖурнальная статья 210 1# _aКрасноярск _cКрасноярская региональная общественная организация Содружество просветителей Красноярья _d2026 215 ## _a11 с. 608 ## _aЖурнальная статья _2local 675 ## _aКраеведение. 908 _z 700 #1 _aМакарчук _gИван Юрьевич 700 #1 _aКовригина _gОлеся Алексеевна 700 #1 _aКостяева _gЕкатерина Сергеевна 700 #1 _aБезрукова _gЛюбовь Викторовна 856 4# _asiberianart-journal.ru _u